Расчет активной зоны с твэлами крестообразного сечения; Атомная энергия; Т. 95, вып. 1

Bibliographic Details
Parent link:Атомная энергия: теоретический и научно-технический журнал/ Российская академия наук ; Министерство РФ по атомной энергии, ядерного общества.— , 1956-.— 0004-7163
Т. 95, вып. 1.— 2003.— с. 9-12
Other Authors: Грошева Н. А., Кирсанов Г. А., Коноплев К. А., Шишкина Ж. А.
Language:Russian
Published: 2003
Series:Статьи
Subjects:
Format: Book Chapter
KOHA link:https://koha.lib.tpu.ru/cgi-bin/koha/opac-detail.pl?biblionumber=425934

MARC

LEADER 00000naa2a2200000 4500
001 425934
005 20231101074458.0
035 |a (RuTPU)RU\TPU\prd\84605 
035 |a RU\TPU\prd\19481 
090 |a 425934 
100 |a 20100625a2003 k y0rusy50 ca 
101 0 |a rus 
102 |a RU 
200 1 |a Расчет активной зоны с твэлами крестообразного сечения  |f Н. А. Грошева, Г. А. Кирсанов, К. А. Коноплев, Ж. А. Шишкина 
225 1 |a Статьи 
320 |a Библиогр.: 11 назв. 
461 1 |0 (RuTPU)RU\TPU\prd\33  |x 0004-7163  |t Атомная энергия  |o теоретический и научно-технический журнал  |f Российская академия наук ; Министерство РФ по атомной энергии, ядерного общества  |d 1956- 
463 1 |0 (RuTPU)RU\TPU\prd\84603  |t Т. 95, вып. 1  |v с. 9-12  |d 2003 
610 1 |a твэлы 
610 1 |a крестообразное сечение 
610 1 |a активная зона 
610 1 |a расчеты 
675 |a 621.039.365  |v 3 
701 1 |a Грошева  |b Н. А. 
701 1 |a Кирсанов  |b Г. А. 
701 1 |a Коноплев  |b К. А. 
701 1 |a Шишкина  |b Ж. А. 
801 1 |a RU  |b 63413507  |c 20031112  |g PSBO 
801 2 |a RU  |b 63413507  |c 20100625  |g RCR 
942 |c BK